Human Computer Interaction (Record no. 60619)
[ view plain ]
| 000 -LEADER | |
|---|---|
| fixed length control field | 00486nam a22001937a 4500 |
| 005 - DATE & TIME | |
| control field | 20260416112012.0 |
| 008 - FIXED-LENGTH DATA ELEMENTS--GENERAL INFORMATION | |
| fixed length control field | 260416b |||||||| |||| 00| 0 eng d |
| 020 ## - ISBN | |
| International Standard Book Number | 9788190586863 |
| Price | 395.00 |
| 040 ## - CATALOGING SOURCE | |
| Original cataloging agency | Doon University |
| 041 ## - Language | |
| Language | English |
| 082 ## - DDC NUMBER | |
| Classification number | 005.8 |
| Book Number | SAI |
| 100 ## - MAIN ENTRY--PERSONAL NAME | |
| Personal name | Saini, Shewta |
| 245 ## - TITLE STATEMENT | |
| Title | Human Computer Interaction |
| 260 ## - PUBLICATION, DISTRIBUTION, ETC. (IMPRINT) | |
| Place of publication, distribution, etc | Delhi |
| Name of publisher, distributor, etc | A.B. Publication |
| Date of publication, distribution, etc | 2023 |
| 300 ## - PHYSICAL DESCRIPTION | |
| Pages | 228 |
| 650 ## - Subject | |
| Subject | Computer Science |
| 700 ## - Added Entry Personal Name | |
| Added Entry Personal Name | Shaheen, Uzma |
| 942 ## - ADDED ENTRY ELEMENTS (KOHA) | |
| Koha item type | Books |
| 100 ## - MAIN ENTRY--PERSONAL NAME | |
| -- | 26613 |
| 700 ## - Added Entry Personal Name | |
| -- | 26614 |
| 952 ## - LOCATION AND ITEM INFORMATION (KOHA) | |
| -- | 2026-04-16 |
| 952 ## - LOCATION AND ITEM INFORMATION (KOHA) | |
| -- | 2026-04-16 |
| 952 ## - LOCATION AND ITEM INFORMATION (KOHA) | |
| -- | 2026-04-16 |
| 952 ## - LOCATION AND ITEM INFORMATION (KOHA) | |
| -- | 2026-04-16 |
| 952 ## - LOCATION AND ITEM INFORMATION (KOHA) | |
| -- | 2026-04-16 |
| 952 ## - LOCATION AND ITEM INFORMATION (KOHA) | |
| -- | 2026-04-16 |
| 952 ## - LOCATION AND ITEM INFORMATION (KOHA) | |
| -- | 2026-04-16 |
| Withdrawn status | Lost status | Source of classification or shelving scheme | Damaged status | Not for loan | Location (home branch) | Sublocation or collection (holding branch) | Date acquired | Koha full call number | Accession No. | Koha date last seen | Koha item type | Koha issues (times borrowed) |
|---|---|---|---|---|---|---|---|---|---|---|---|---|
| Not For Loan | Doon University | Doon University | 16.04.2026 | 005.8 SAI | 53882 | 16.04.2026 | Reference | |||||
| Doon University | Doon University | 16.04.2026 | 005.8 SAI | 53883 | 16.04.2026 | Books | ||||||
| Doon University | Doon University | 16.04.2026 | 005.8 SAI | 53884 | 16.04.2026 | Books | ||||||
| Doon University | Doon University | 16.04.2026 | 005.8 SAI | 53885 | 16.04.2026 | Books | ||||||
| Doon University | Doon University | 16.04.2026 | 005.8 SAI | 53886 | 16.04.2026 | Books | ||||||
| Doon University | Doon University | 16.04.2026 | 005.8 SAI | 53887 | 16.04.2026 | Books | ||||||
| Doon University | Doon University | 16.04.2026 | 005.8 SAI | 53888 | 16.04.2026 | Books |